书目信息 |
| 题名: |
西班牙语经典课文选读
|
|
| 作者: | 陆经生 , 陈旦娜 主编 ;沈怡 , 唐雯 分册主编 | |
| 分册: | 下 中级 | |
| 出版信息: | 上海 上海译文出版社有限公司 2024.08 |
|
| 页数: | 204页 | |
| 开本: | 26cm | |
| 丛书名: | ||
| 单 册: | ||
| 中图分类: | H349.4 | |
| 科图分类: | ||
| 主题词: | 西班牙语--xi ban ya yu--语言读物 | |
| 电子资源: | ||
| ISBN: | 978-7-5327-9673-1 | |
| 000 | 01437nam0 2200313 450 | |
| 001 | CAL 012024122769 | |
| 005 | 20251022104004.96 | |
| 010 | @a978-7-5327-9673-1@dCNY48.00 | |
| 099 | @aCAL 012024122769 | |
| 100 | @a20241106d2024 em y0chiy0120 ea | |
| 101 | 0 | @achi@aspa |
| 102 | @aCN@b310000 | |
| 105 | @aa z 000yy | |
| 106 | @ar | |
| 200 | 1 | @a西班牙语经典课文选读@Axi ban ya yu jing dian ke wen xuan du@h下@i中级@f主编陆经生, 陈旦娜@g分册主编沈怡, 唐雯 |
| 210 | @a上海@c上海译文出版社有限公司@d2024.08 | |
| 215 | @a204页@c图@d26cm | |
| 300 | @a世界经典阅读 | |
| 312 | @a封面西班牙文共同题名:Espańol lecturas clásicas selectas | |
| 330 | @a本书包含8个单元,共40篇课文,由资深教师编写导读、注释、练习及答案,方便师生课堂使用或读者自学。选篇内容围绕哲理故事、人物传记、奇幻小说、自然与历史、社会和饮食等话题,广泛收录各种不同类型的文本,如传说故事、新闻报道、说明文、剧本、散文等。语言难度以词汇和语法为分级依据,参考外研社《现代西班牙语》第四册内容,课文单词量约在1000词左右,适合具备B2水平读者阅读。练习题型多样,有连线题、判断题、图片配对题和主观题等,有助于巩固所学知识。 | |
| 606 | 0 | @a西班牙语@Axi ban ya yu@j语言读物 |
| 690 | @aH349.4@v5 | |
| 701 | 0 | @a陆经生@Alu jing sheng@4主编 |
| 701 | 0 | @a陈旦娜@Achen dan na@4主编 |
| 702 | 0 | @a沈怡@Ashen shen@4分册主编 |
| 702 | 0 | @a唐雯@Atang wen@4分册主编 |
| 801 | 0 | @aCN@c20250919 |
| 905 | @a河南城建学院图书馆@dH349.4@eL846:2@ZL846:2@f1 | |
| 998 | @aZJUT | |
| 西班牙语经典课文选读.下.中级/主编陆经生, 陈旦娜/分册主编沈怡, 唐雯.-上海:上海译文出版社有限公司,2024.08 |
| 204页:图;26cm |
| 世界经典阅读 |
| ISBN 978-7-5327-9673-1:CNY48.00 |
| 本书包含8个单元,共40篇课文,由资深教师编写导读、注释、练习及答案,方便师生课堂使用或读者自学。选篇内容围绕哲理故事、人物传记、奇幻小说、自然与历史、社会和饮食等话题,广泛收录各种不同类型的文本,如传说故事、新闻报道、说明文、剧本、散文等。语言难度以词汇和语法为分级依据,参考外研社《现代西班牙语》第四册内容,课文单词量约在1000词左右,适合具备B2水平读者阅读。练习题型多样,有连线题、判断题、图片配对题和主观题等,有助于巩固所学知识。 |
| ● |
| 相关链接 |
|
|
|
正题名:西班牙语经典课文选读
索取号:H349.4/L846:2
 
预约/预借
| 序号 | 登录号 | 条形码 | 馆藏地/架位号 | 状态 | 备注 |
| 1 | 1637796 | 216377962 | 语言库209/209语言库 121排1列1层/ [索取号:H349.4/L846:2] | 在馆 |